000 00877cam a2200253 a 4500
001 45616
003 BD-RjUL
005 20211209054037.0
008 160727s1963 ii a 001 0 eng
035 _a(BD-RjUL)45734
040 _aDLC
_cAZS
_dOCL
_dUKM
_dEQO
_dBD-RjUL
_beng
041 _aeng
082 _a338.954
_223
_bRAF 1963
100 1 _aRao, V. K. R. V.
_q(Vijendra Kasturi Ranga Varadaraja),
_d1908-1991
_9131995
245 1 0 _aForeign aid and India's economic development /
_c V.K.R.V. Rao and Dharm Narain.
260 _aBombay :
_bAsia Pub. House,
_c1963
300 _a111 p. :
_bill.
_c23 cm.
490 1 _aInstitute of Economic Growth. Studies in economic growth,
_vno. 4
500 _aIncludes index
650 0 _aEconomic policy.
_z India
_9136863
700 1 _aNarain, Dharm.
_9139642
830 0 _aStudies in economic growth ;
_vno. 4.
_9139643
942 _2ddc
_cBK
999 _c45616
_d45616